The failure of decentralisation in South African local government : complexity and unanticipated consequences (Record no. 188815)

MARC details
000 -LEADER
fixed length control field 00357nam a2200097Ia 4500
082 ## - DEWEY DECIMAL CLASSIFICATION NUMBER
Classification number 352.283|SIDD
008 - FIXED-LENGTH DATA ELEMENTS--GENERAL INFORMATION
fixed length control field 210817s9999 xx 000 0 und d
100 ## - MAIN ENTRY--PERSONAL NAME
Personal name Siddle, A. M. Cape Town, South Africa, 2012
9 (RLIN) 60027
245 #0 - TITLE STATEMENT
Title The failure of decentralisation in South African local government : complexity and unanticipated consequences
942 ## - ADDED ENTRY ELEMENTS
item type Books
Holdings
Withdrawn status Lost status Damaged status Not for loan Home library Current library Date acquired Cost, normal purchase price Total Checkouts Barcode Date last seen Price effective from item type
        Emthonjeni PL (MMID-PLEMA-EMTH) Emthonjeni PL (MMID-PLEMA-EMTH) 18.08.2021 360.00   3322810065943 18.08.2021 18.08.2021 Books